<?xml version="1.0" encoding="UTF-8"?>
<record
    xmlns:xsi="http://www.w3.org/2001/XMLSchema-instance"
    xsi:schemaLocation="http://www.loc.gov/MARC21/slim http://www.loc.gov/standards/marcxml/schema/MARC21slim.xsd"
    xmlns="http://www.loc.gov/MARC21/slim">

  <leader>00959cam a22002171  4500</leader>
  <controlfield tag="001">e  13000994 </controlfield>
  <controlfield tag="003">DLC</controlfield>
  <controlfield tag="005">20260227111159.0</controlfield>
  <controlfield tag="008">761214s1910    ag ach        00110 spa  </controlfield>
  <datafield tag="010" ind1=" " ind2=" ">
    <subfield code="a">e  13000994 //r913</subfield>
  </datafield>
  <datafield tag="040" ind1=" " ind2=" ">
    <subfield code="a">DLC</subfield>
    <subfield code="c">MChB</subfield>
    <subfield code="d">DLC</subfield>
  </datafield>
  <datafield tag="050" ind1="0" ind2="0">
    <subfield code="a">LA541</subfield>
    <subfield code="b">.R3</subfield>
  </datafield>
  <datafield tag="100" ind1="1" ind2="0">
    <subfield code="a">Ramos, Juan P.</subfield>
    <subfield code="q">(Juan Pedro),</subfield>
    <subfield code="d">1878-1959.</subfield>
  </datafield>
  <datafield tag="245" ind1="0" ind2="0">
    <subfield code="a">Historia de la instrucci&#xF3;n primaria en la Rep&#xFA;blica Argentina 1810-1910</subfield>
    <subfield code="b">(atlas escolar)</subfield>
    <subfield code="c">proyectada por el presidente del Consejo nacional de educaci&#xF3;n, Dr. Jos&#xE9; Mar&#xED;a Ramos Mej&#xED;a, comp. y redactada por Juan P. Ramos...</subfield>
  </datafield>
  <datafield tag="260" ind1="0" ind2=" ">
    <subfield code="a">Buenos Aires,</subfield>
    <subfield code="b">J. Peuser,</subfield>
    <subfield code="c">1910.</subfield>
  </datafield>
  <datafield tag="300" ind1=" " ind2=" ">
    <subfield code="a">2 v.</subfield>
    <subfield code="b">illus. (incl. ports.) facsims., fold. tab.</subfield>
    <subfield code="c">28 cm.</subfield>
  </datafield>
  <datafield tag="500" ind1=" " ind2=" ">
    <subfield code="a">At head of title: Consejo nacional de educaci&#xF3;n. Conmemoraci&#xF3;n del centenario de 1810.</subfield>
  </datafield>
  <datafield tag="504" ind1=" " ind2=" ">
    <subfield code="a">"Bibliografia": vol. I, p. [613]-615.</subfield>
  </datafield>
  <datafield tag="650" ind1=" " ind2="0">
    <subfield code="a">Education</subfield>
    <subfield code="z">Argentina</subfield>
    <subfield code="x">History.</subfield>
  </datafield>
  <datafield tag="710" ind1="2" ind2="0">
    <subfield code="a">Consejo Nacional de Educaci&#xF3;n (Argentina)</subfield>
  </datafield>
  <datafield tag="999" ind1=" " ind2=" ">
    <subfield code="c">19510</subfield>
    <subfield code="d">19510</subfield>
  </datafield>
</record>
